Shoot Your Eye Out, You Will - Statistics

General Stats
  • This quiz has been taken 3 times
  • The average score is 4 of 14
Answer Stats
Hint Answer % Correct
What company did Ralphie get his secret decoder from? Ovaltine
100%
Whose dogs constantly terrorize Old Man Parker? Bumpus
67%
What country did Ralphie's dad think his leg lamp prize come from? Italy
67%
Who is the school bully that finally pushes Ralphie over the edge, causing Ralphie to pummel him non-stop? Scut Farkus
67%
What was Ralphie's dad doing when Ralphie let slip the ultimate 4-letter word? Changing a flat
33%
What dish was touted as Chinese turkey Duck
33%
Who was triple dog dared to stick their tongue to the flagpole? Flick
33%
When a BB ricochets off a metal sign and hits Ralphie in the cheek, what excuse did he concoct to explain his broken glasses? A falling icicle
0%
What is the name of the Chinese restaurant do the Parkers go for Christmas dinner? Chop Suey
0%
What terrible gift does Ralphie get from his aunt for Christmas? Easter Bunny pajamas
0%
What real-life city was the fictional town of Hohman based on? Hammond, Indiana
0%
Who is Ralphie's teacher? Mrs. Shields
0%
Where does brother Randy hid at fearing what his dad will do to Ralphie for beating up the bully? Under the kitchen sink
0%
What school does Ralphie attend? Warren G. Harding Elementary
0%
No matching quizzes found
Score Distribution
Percent of People with Each Score
Percentile by Number Answered
Your Score History
You have not taken this quiz